LIBRARY & INFORMATION CENTRE, KCAET, TAVANUR

ONLINE PUBLIC ACCESS CATALOGUE (OPAC)

Quality control for value addition in food processing (Record no. 14009)

MARC details
000 -LEADER
fixed length control field 00350nam a22001337a 4500
020 ## - INTERNATIONAL STANDARD BOOK NUMBER
ISBN 9789380235578
082 ## - DEWEY DECIMAL CLASSIFICATION NUMBER
Classification number 664.028
Item number RAJ/QU
100 ## - MAIN ENTRY--AUTHOR NAME
Personal name Raj, Dev
245 ## - TITLE STATEMENT
Title Quality control for value addition in food processing
260 ## - PUBLICATION, DISTRIBUTION, ETC. (IMPRINT)
Place of publication New Delhi
Name of publisher New India Publishing Agency
Year of publication 2011
700 ## - ADDED ENTRY--PERSONAL NAME
Personal name Sharma, Rakesh
700 ## - ADDED ENTRY--PERSONAL NAME
Personal name Joshi, V.K
942 ## - ADDED ENTRY ELEMENTS (KOHA)
Koha item type Books
Holdings
Withdrawn status Lost status Damaged status Collection code Home library Current library Shelving location Date acquired Source of acquisition Cost, normal purchase price Full call number Accession Number Koha item type
      Non-fiction KAUAET KAUAET General Stacks 30/03/2013 A & A , Tvpm 895.00 664.028 RAJ/QU 23831 Books
      Non-fiction KAUAET KAUAET General Stacks 16/05/2019   1450.00 664.028 RAJ/QU 25766 Books
free website counter